MARC details
| 000 -BAŞLIK |
| Sabit Uzunlukta Kontrol Alanı |
01389na a2200397 4500 |
| 001 - KONTROL NUMARASI |
| Denetim Alanı |
17948 |
| 003 - KONTROL NUMARASI IDENTIFIER |
| Denetim Alanı |
MIRAKIL |
| 005 - SON İŞLEM TARİHİ VE ZAMANI |
| Denetim Alanı |
20181213154905.0 |
| 008 - SABİT-BOY VERİ ELEMANLARI - GENEL BİLGİLER |
| Sabit Uzunlukta Kontrol Alanı |
161108b tu 000 0 |
| 035 ## - SİSTEM KONTROL NUMARASI |
| Sistem Kontrol Numarası |
17948 |
| 040 ## - KATALOGLAMA KAYNAK |
| Orijinal Kataloglama Ajansı |
Milas |
| Kataloglama Dili |
tur |
| Metne Dönüştürmek Ajansı |
TR-AnCHP |
| 041 ## - DİL KODU |
| Metin / Ses Parça Veya Ayrı Başlığın Dil Kodu |
tur |
| 082 ## - DEWEY ONLU SINIFLANDIRMA NUMARASI |
| Sınıflandırma Numarası |
CHP 324.23720363 |
| Ürün Numarası |
C36ç 1994 |
| 090 ## - SINIFLAMA NUMARASI |
| Sınıflama Numarası |
CHP 324.23720363 C36ç 1994 |
| 111 ## - ANA GİRİŞ - TOPLANTI ADI |
| Giriş Elemanı Olarak Toplantı Adı Veya Yargı Alanı Adı |
Cumhuriyet Halk Partisi Çevre Kurultayı |
| Toplantının Yeri |
Silivri, İstanbul |
| Toplantı Veya Antlaşma İmzalandığı Tarihi |
5 Haziran 1994 |
| Bölüm / Bölüm / Toplantı Sayısı |
2. |
| 222 ## - ANAHTAR ADI |
| Anahtar Başlık |
Çevre Kurultayı |
| 245 ## - BAŞLIK TABLOSU |
| Başlık |
Temiz çevre - temiz toplum |
| Başlığın Kalan |
CHP 2. Çevre Kurultayı |
| -- |
5 Haziran 1994 |
| Sorumluluk Tablosu, Vb |
düzenleyen Cumhuriyet Halk Partisi |
| 246 ## - UNVAN FORM VARYING |
| Başlık Doğru / Kısa Başlığı |
Çevre Kurultayı |
| 246 ## - UNVAN FORM VARYING |
| Başlık Doğru / Kısa Başlığı |
CHP 2. Çevre Kurultayı |
| 246 ## - UNVAN FORM VARYING |
| Başlık Doğru / Kısa Başlığı |
CHP Çevre Kurultayı |
| 260 ## - YAYIN, DAĞITIM, VB |
| Yayın, Dağıtım, Vb Yeri |
Ankara |
| Yayıncı, Dağıtıcı, Vs Adı |
CHP |
| Yayın, Dağıtım, Vb Tarihi |
1994 |
| 300 ## - FİZİKSEL TANIM |
| Kapsam |
116 s. |
| Boyutlar |
20 sm. |
| 490 ## - SERİSİ TABLOSU |
| Seri Beyanı |
Cumhuriyet Halk Partisi yayınları |
| 500 ## - GENEL NOT |
| Genel Not |
Arka kapakta adı: Yeşil yürüyüş : 5-6-7 Haziran 1994 |
| 600 ## - KONU KATMA GİRİŞ - KURUMSAL ADI |
| Kişisel Ad |
Baykal, Deniz |
| Başlıklar Ve Bir Adla İlişkili Diğer Kelimeler |
CHP Genel Başkanı |
| Genel Alt Bölümü |
Kurultay, Çevre |
| 610 ## - KONU KATMA GİRİŞ - TOPLANTI ADI |
| Giriş Elemanı Olarak Kurumsal Ad Veya Yargı Alanı Adı |
Cumhuriyet Halk Partisi |
| Genel Alt Bölüm |
Kurultay, Çevre |
| Kronolojik Alt Bölüm |
1994 |
| 610 ## - KONU KATMA GİRİŞ - TOPLANTI ADI |
| Giriş Elemanı Olarak Kurumsal Ad Veya Yargı Alanı Adı |
Cumhuriyet Halk Partisi |
| Genel Alt Bölüm |
Çevre sorunları |
| Kronolojik Alt Bölüm |
Çözüm önerileri |
| 610 ## - KONU KATMA GİRİŞ - TOPLANTI ADI |
| Giriş Elemanı Olarak Kurumsal Ad Veya Yargı Alanı Adı |
CHP |
| Genel Alt Bölüm |
Kurultaylar |
| 740 ## - KATMA GİRİŞ - KONTROLSUZ İLGİLİ / ANALİTİK BAŞLIK |
| Kontrol Edilmeyen / İlgili Analitik Başlıktaki |
CHP 2. Çevre Kurultayı |
| 740 ## - KATMA GİRİŞ - KONTROLSUZ İLGİLİ / ANALİTİK BAŞLIK |
| Kontrol Edilmeyen / İlgili Analitik Başlıktaki |
CHP Çevre Kurultayı |
| 740 ## - KATMA GİRİŞ - KONTROLSUZ İLGİLİ / ANALİTİK BAŞLIK |
| Kontrol Edilmeyen / İlgili Analitik Başlıktaki |
Çevre Kurultayı |
| 740 ## - KATMA GİRİŞ - KONTROLSUZ İLGİLİ / ANALİTİK BAŞLIK |
| Kontrol Edilmeyen / İlgili Analitik Başlıktaki |
Yeşil yürüyüş |
| 830 ## - SERİSİ EKLENDİ GİRİŞ - ÜNİFORM ADI |
| Üniforma Başlık |
CHP yayınları |
| 942 ## - EKLENDİ GİRİŞ ELEMANLARI (KOHA) |
| Sınıflandırma Veya Raf Düzeni Kaynak |
Dewey Decimal Classification |
| Koha Öğesi Türü |
Books |
| 999 ## - SİSTEM KONTROL NUMARALARI (KOHA) |
| Koha Biblionumber |
2644 |
| Koha Biblioitemnumber |
2644 |
| 657 ## - INDEX SÜRE - İŞLEVİ |
| -- |
CHP kurultayları |